Basic nursing : concepts, skills & reasoning (Record no. 27578)

MARC details
000 -LEADER
fixed length control field 00482nam a2200181Ia 4500
020 ## - INTERNATIONAL STANDARD BOOK NUMBER
ISBN 9780803627789
050 ## - CALL MARK
Classification number RT 49 .T74/
100 ## - STATEMENT OF RESPONSIBILITY--MAIN AUTHOR NAME
Personal name Treas, Leslie S.
245 #0 - TITLE STATEMENT
Title Basic nursing : concepts, skills & reasoning
260 ## - PUBLICATION, DISTRIBUTION, ETC. (IMPRINT)
Place of publication Philadelphia
260 ## - PUBLICATION, DISTRIBUTION, ETC. (IMPRINT)
Name of publisher F. A. Davis Company
260 ## - PUBLICATION, DISTRIBUTION, ETC. (IMPRINT)
Year of publication 2014
300 ## - PHYSICAL DESCRIPTION
Number of Pages 1708 p
650 ## - SUBJECT ADDED ENTRY--TOPICAL TERM
Topical Term Nursing Care. Nurse's Role. Nursing Assessment.
942 ## - ADDED ENTRY ELEMENTS (KOHA)
Koha item type Books
Holdings
Withdrawn status Lost status Source of classification or shelving scheme Damaged status Not for loan Permanent Location Current Location Date acquired Accession Number Price effective from Koha item type
    Library of Congress Classification     NILE UNIVERSITY OF NIGERIA - MAIN LIBRARY NILE UNIVERSITY OF NIGERIA - MAIN LIBRARY 04/23/2025 0194893 04/23/2025 Books